| 000 | 00350nam a22001577a 4500 | ||
|---|---|---|---|
| 003 | SGT | ||
| 020 | _a978-93-86691-75-0 | ||
| 082 |
_a614.44 _bC18B |
||
| 100 | _aBHALWAR,RAJIVIR,ED. | ||
| 245 | _aTEXTBOOK OF COMMUNITY MEDICINE | ||
| 250 | _a2ND | ||
| 260 |
_aNEW YORK _bWOLTERS _c2018 |
||
| 300 | _a1016 | ||
| 650 | _aAYURVEDA | ||
| 942 |
_2ddc _cBK _06 |
||
| 999 |
_c14924 _d14924 |
||